000 00611nam a22002537a 4500
003 UA-OsUOA
001 26317
007 ta
008 20040526b un ||||| |||| 00| 0 ukr d
100 _aТихонов А.Н.
700 _aАрсенин В.Я.
090 _a519.6
_bТ46
942 _cBK
040 _aUA-OsUOA
_brus
_cUA-OsUOA
_dUA-OsUOA
245 _aМетоды решения некорректных задач.
300 _a288 с.
955 _a0
041 _arus
080 _a519.6
260 _aМосква
_bНаука
_c1979
044 _aRU
650 7 _2UDC
999 _c312637
_d312637